000 00436nam a22001817a 4500
003 MPLRDC
005 20220104124759.0
008 210129b ||||| |||| 00| 0 eng d
082 _a827 JY v.2
100 _a倪匡
245 _a再看金庸小说
_c
250 _a三版
260 _a
_b远景出版事业公司
_c1982
300 _b
490 _a金学研究丛书. 2
650 _a中国小说论
942 _cBK
_o827 JY v.2
999 _c22097
_d22087